Artistic Depictions of Historical Events - Statistics

General Stats
  • This quiz has been taken 16 times
  • The average score is 5 of 16
Answer Stats
Picture Hint Answer % Correct
1776 Declaration of US Independence
86%
1453 Fall of Constantinople
57%
1666 Great Fire of London
57%
44 BCE Assassination of Caesar
50%
399 BCE Death of Socrates
50%
1914 Christmas Truce
29%
1804 Coronation of Napoleon
29%
1830 July Revolution
29%
1934-1935 Long March
21%
1904-1905 Russo-Japanese War
21%
1871 Unification of Germany
21%
333 BCE Battle of Issus
14%
1492 Discovery of the Americas
14%
1810-1821 Mexican War of Independence
14%
1709 Great Frost
7%
1895-1896 Italo-Ethiopian War
7%
No matching quizzes found
Score Distribution
Percent of People with Each Score
Percentile by Number Answered
Your Score History
You have not taken this quiz